000 02027nam a22002177a 4500
005 20220304095904.0
008 220302b ||||| |||| 00| 0 eng d
020 _a9780470138137
040 _cAL
041 _aeng
082 _223
_a332.6327
_bBOGC
100 _aJohn C Bogle
_922375
245 _aCommon sense on mutual funds
250 _a10th ed.
260 _aNew Jersey
_bJohn Wiley
_c2010
300 _axxxii,622p.
_bHB
_c23x16cm.
365 _2General
_a6025
_b₹2560.00
_c
_d₹3200.00
_e20%
_f23-02-2022
520 _aJohn C. Bogle shares his extensive insights on investing in mutual funds Since the first edition of Common Sense on Mutual Funds was published in 1999, much has changed, and no one is more aware of this than mutual fund pioneer John Bogle. Now, in this completely updated Second Edition, Bogle returns to take another critical look at the mutual fund industry and help investors navigate their way through the staggering array of investment alternatives that are available to them. Written in a straightforward and accessible style, this reliable resource examines the fundamentals of mutual fund investing in today's turbulent market environment and offers timeless advice in building an investment portfolio. Along the way, Bogle shows you how simplicity and common sense invariably trump costly complexity, and how a low cost, broadly diversified portfolio is virtually assured of performing the vast majority of Wall Street professionals over the long-term. Written by respected mutual fund industry legend John C. Bogle Discusses the timeless fundamentals of investing that apply in any type of market Reflects on the structural and regulatory changes in the mutual fund industry Other titles by Bogle: The Little Book of Common Sense Investing and Enough.Securing your financial future has never seemed more difficult, but you'll be a better investor for having read the Second Edition of Common Sense on Mutual Funds.
650 _2Finance
_aInvestment
_922376
942 _2ddc
_cBK
999 _c221667
_d221667